[Event "ch-GBR Torquay ENG"]
[Site "?"]
[Date "1998.??.??"]
[Round "?"]
[White "Sadler, M."]
[Black "Sashikiran, K."]
[Result "1/2-1/2"]
[WhiteElo "2650"]
[BlackElo "2470"]
[PlyCount "118"]
[EventDate "1998.??.??"]
[Source "www.chesslib.no"]
[SourceDate "2004.05.04"]

1. d4 Nf6 2. c4 g6 3. Nc3 Bg7 4. e4 d6 5. Be2 O-O 6. Bg5 h6 7. Be3 c5 8. d5 e6 9. Qd2 exd5 10. cxd5 Re8 11. f3 Kh7 12. a4 Na6 13. Bb5 Bd7 14. Bc4 Nb4 15. Nge2 a6 16. O-O Rb8 17. a5 b5 18. axb6 Rxb6 19. Kh1 Bb5 20. Bxb5 axb5 21. Ra5 Qb8 22. Rfa1 Rb7 23. Nf4 Nd7 24. Qe2 Ne5 25. Nxb5 g5 26. Nh5 Nbd3 27. Nxg7 Kxg7 28. Na7 Rxb2 29. Qf1 Qb3 30. Rb5 Qc2 31. Rxb2 Qxb2 32. Nc6 Nc4 33. Bg1 Nf4 34. Rb1 Qe2 35. Qxe2 Nxe2 36. Ra1 f5 37. exf5 Kf6 38. Ra4 Ne5 39. Re4 Nc3 40. Re1 Nxd5 41. g4 Nf4 42. h4 Nfd3 43. Re2 c4 44. Bd4 Rc8 45. Nxe5 dxe5 46. hxg5+ hxg5 47. Bc3 Rb8 48. Rc2 Rb1+ 49. Kg2 Rc1 50. Rxc1 Nxc1 51. Ba5 Na2 52. Bd8+ Kf7 53. Bxg5 c3 54. Kf2 c2 55. Ke2 c1=Q 56. Bxc1 Nxc1+ 57. Ke3 Nb3 58. f4 Kf6 59. fxe5+ Kxe5 1/2-1/2

[Event "Ostrava CZE"]
[Site "Ostrava CZE"]
[Date "1994.??.??"]
[Round "11"]
[White "Novikov, Igor A"]
[Black "Kavalek, Lubomir"]
[Result "1-0"]
[WhiteElo "2565"]
[BlackElo "2550"]
[PlyCount "85"]
[EventDate "1994.??.??"]
[Source "www.chesslib.no"]
[SourceDate "2004.05.04"]

1. d4 d6 2. e4 Nf6 3. f3 c5 4. d5 g6 5. c4 Bg7 6. Nc3 O-O 7. Bg5 e6 8. Qd2 exd5 9. cxd5 a6 10. a4 Nbd7 11. Nh3 Qa5 12. Ra3 c4 13. Nf2 Qb4 14. Na2 Qxd2+ 15. Kxd2 Nc5 16. a5 Bd7 17. Be2 Bb5 18. Nc3 Rfc8 19. Rb1 Ncd7 20. b4 Ne8 21. Nfd1 Ne5 22. Be3 f5 23. f4 Nd7 24. exf5 gxf5 25. g4 Nc7 26. g5 Nf8 27. h4 Ng6 28. h5 Ne7 29. Bf3 Be8 30. Bb6 Nb5 31. Nxb5 axb5 32. Re3 Kf8 33. Nc3 Bf7 34. Rd1 Bxc3+ 35. Kxc3 Re8 36. Kc2 Rac8 37. Rd2 Ng8 38. Rxe8+ Kxe8 39. Rh2 Ne7 40. g6 Bg8 41. gxh7 Bxh7 42. Rg2 Bg8 43. h6 1-0

[Event "Interzonal"]
[Site "Toluca izt"]
[Date "1982.??.??"]
[Round "?"]
[White "Adorjan, Andras"]
[Black "Nunn, John D M"]
[Result "1/2-1/2"]
[WhiteElo "2515"]
[BlackElo "2590"]
[PlyCount "54"]
[EventDate "1982.??.??"]
[Source "www.chesslib.no"]
[SourceDate "2004.05.04"]

1. c4 Nf6 2. Nc3 g6 3. e4 d6 4. d4 Bg7 5. f3 O-O 6. Bg5 c5 7. d5 e6 8. Qd2 exd5 9. cxd5 a6 10. a4 Nbd7 11. Nh3 Qa5 12. Ra2 c4 13. Nf2 Qc7 14. Be2 Nc5 15. O-O Nb3 16. Qd1 Rb8 17. e5 dxe5 18. d6 Qc6 19. f4 e4 20. Bxf6 Bxf6 21. Nd5 Bd8 22. Nxe4 Be6 23. Ne7+ Bxe7 24. dxe7 Qxe4 25. e8=Q Nc5 26. Qed8 Rc8 27. Bh5 Rcxd8 1/2-1/2

[Event "Gausdal Int"]
[Site "Gausdal"]
[Date "1994.??.??"]
[Round "9"]
[White "Sadler, Matthew"]
[Black "Kotronias, Vasilios"]
[Result "1/2-1/2"]
[WhiteElo "2560"]
[BlackElo "2545"]
[PlyCount "29"]
[EventDate "1994.07.??"]
[Source "www.chesslib.no"]
[SourceDate "2004.05.04"]

1. d4 Nf6 2. c4 g6 3. Nc3 Bg7 4. e4 d6 5. f3 O-O 6. Bg5 c5 7. d5 e6 8. Qd2 exd5 9. cxd5 a6 10. Nge2 b5 11. Ng3 Nbd7 12. Be2 c4 13. O-O Qc7 14. Bh6 Re8 15. Bxg7 1/2-1/2

[Event "Europa ch 2008"]
[Site "Plovdiv BUL"]
[Date "2008.05.01"]
[Round "10.39"]
[White "Khismatullin, Denis"]
[Black "Nedev, Trajko"]
[Result "1-0"]
[WhiteElo "2584"]
[BlackElo "2518"]
[PlyCount "153"]
[EventDate "2008.04.21"]
[Source "www.chesslib.no"]
[SourceDate "2004.05.04"]

1. d4 Nf6 2. c4 g6 3. f3 Bg7 4. e4 O-O 5. Nc3 d6 6. Be3 c5 7. d5 e6 8. Nge2 exd5 9. cxd5 Nbd7 10. Ng3 Ne5 11. Be2 h5 12. O-O Nh7 13. Qd2 h4 14. Nh1 f5 15. Nf2 Bd7 16. Rae1 b6 17. exf5 gxf5 18. Nh3 Ng6 19. f4 Re8 20. Kh1 Qf6 21. Bh5 b5 22. g3 b4 23. Nd1 Re7 24. b3 Bc8 25. Bf2 Rxe1 26. Rxe1 Bb7 27. Ne3 hxg3 28. hxg3 Ne7 29. Bf3 Qf7 30. Qd3 Rd8 31. Qb5 Ba8 32. Qa5 Rd7 33. Qb5 Rd8 34. Qa5 Rd7 35. Qa6 Bd4 36. Kg1 Bxe3 37. Rxe3 Bxd5 38. Qb5 Rb7 39. Qe2 Rd7 40. Qb5 Rb7 41. Qe2 Rd7 42. Rd3 Be6 43. Qd1 Nc8 44. Bh5 Qg7 45. Re3 Re7 46. Bf3 Kh8 47. Rd3 Qh6 48. Bg2 Bf7 49. Qf3 Qf6 50. Qc6 Re8 51. Bf3 Kg7 52. Kg2 Rf8 53. Re3 Nb6 54. Qb7 Nc8 55. Re2 Kh8 56. Be3 Re8 57. Bxc5 Rxe2+ 58. Bxe2 dxc5 59. Qxc8+ Kg7 60. Qxc5 Qb2 61. Qe5+ Qxe5 62. fxe5 a5 63. Bb5 Bd5+ 64. Kf2 Be4 65. Ke3 Bb1 66. Kd2 Kf8 67. Bd3 Bxa2 68. Bxf5 Kg7 69. Bxh7 Kxh7 70. Kc2 a4 71. bxa4 Kg6 72. Nf4+ Kf5 73. e6 Kf6 74. Kd3 Ke7 75. a5 Kd6 76. g4 Kc5 77. g5 1-0

[Event "Hastings ENG"]
[Site "Hastings ENG"]
[Date "1987.??.??"]
[Round "?"]
[White "Benjamin, Joel L"]
[Black "Larsen, Bent"]
[Result "1/2-1/2"]
[WhiteElo "2535"]
[BlackElo "2565"]
[PlyCount "56"]
[EventDate "1987.??.??"]
[Source "www.chesslib.no"]
[SourceDate "2004.05.04"]

1. d4 Nf6 2. c4 c5 3. d5 g6 4. Nc3 Bg7 5. e4 d6 6. Be2 O-O 7. Bg5 e6 8. Qd2 exd5 9. cxd5 Re8 10. f3 a6 11. a4 Qc7 12. a5 Nbd7 13. Nh3 Rb8 14. O-O b5 15. Nf2 h5 16. Kh1 Nh7 17. Be3 Ne5 18. Rac1 Qd8 19. f4 Ng4 20. Nxg4 hxg4 21. e5 Bf5 22. Bd3 Bxd3 23. Qxd3 dxe5 24. f5 Qb6 25. Bxc5 Nf8 26. Ba3 Nd7 27. h3 Nc5 28. hxg4 Nxd3 1/2-1/2

[Event "Vienna Open"]
[Site "?"]
[Date "1995.??.??"]
[Round "9"]
[White "Psakhis, Lev B"]
[Black "Markowski, Tomasz"]
[Result "1-0"]
[WhiteElo "2625"]
[BlackElo "2470"]
[PlyCount "97"]
[EventDate "1995.??.??"]
[Source "www.chesslib.no"]
[SourceDate "2004.05.04"]

1. d4 d6 2. e4 Nf6 3. f3 c5 4. d5 g6 5. c4 Bg7 6. Nc3 O-O 7. Bg5 e6 8. Qd2 exd5 9. cxd5 h6 10. Be3 Re8 11. Nge2 Nbd7 12. Nc1 Ne5 13. Be2 Nh7 14. O-O h5 15. Bh6 Bh8 16. Nd3 Nc4 17. Qc1 Bd7 18. Nf2 b5 19. a4 Na5 20. Nxb5 Nb3 21. Qc2 Nxa1 22. Rxa1 Qf6 23. Bd2 Bxb5 24. Bxb5 Red8 25. Bc3 Qe7 26. Re1 Bxc3 27. bxc3 Rab8 28. Bc6 Qf6 29. Nd3 c4 30. Nb2 Rb3 31. Rc1 Qf4 32. Nxc4 h4 33. Rf1 Rbb8 34. Qc1 Qxc1 35. Rxc1 Ng5 36. Kf2 Rb3 37. Ke3 f6 38. f4 Nf7 39. Kd4 Kg7 40. Re1 Rdb8 41. Bb5 Rd8 42. Kd3 Rc8 43. g3 hxg3 44. hxg3 Rc7 45. Be8 Nd8 46. Kc2 Rb8 47. Nxd6 Nb7 48. Nxb7 Rxe8 49. Nd6 1-0

[Event "Cappelle la Grande FRA"]
[Site "Cappelle la Grande FRA"]
[Date "1995.??.??"]
[Round "9"]
[White "Novikov, Igor A"]
[Black "Istratescu, Andrei"]
[Result "1/2-1/2"]
[WhiteElo "2590"]
[BlackElo "2505"]
[PlyCount "63"]
[EventDate "1995.??.??"]
[Source "www.chesslib.no"]
[SourceDate "2004.05.04"]

1. d4 Nf6 2. c4 g6 3. Nc3 Bg7 4. e4 O-O 5. Bg5 d6 6. Qd2 c5 7. d5 e6 8. f3 exd5 9. cxd5 Re8 10. Nge2 a6 11. a4 Nbd7 12. Ng3 Qa5 13. Be2 h5 14. O-O Nh7 15. Be3 h4 16. Nh1 Ne5 17. f4 Ng4 18. Bxg4 Bxg4 19. Nf2 Bd7 20. e5 dxe5 21. Nfe4 exf4 22. Rxf4 Rxe4 23. Rf2 h3 24. Rf3 Bb5 25. Bf2 Rf8 26. Re1 Re3 27. Qc1 Qb4 28. Rg3 Rxg3 29. Rd1 Ra8 30. Bxg3 c4 31. Rd3 Bxc3 32. Kf1 1/2-1/2

[Event "Camp. cinese"]
[Site "Pechino CINA"]
[Date "2008.06.04"]
[Round "7"]
[White "Zhou Jianchao"]
[Black "Li Shilong"]
[Result "1-0"]
[WhiteElo "2580"]
[BlackElo "2512"]
[PlyCount "69"]
[EventDate "2008.05.29"]
[Source "www.chesslib.no"]
[SourceDate "2004.05.04"]

1. d4 Nf6 2. c4 g6 3. Nc3 Bg7 4. e4 O-O 5. f3 c5 6. d5 d6 7. Bg5 e6 8. Qd2 exd5 9. cxd5 Re8 10. Nge2 a6 11. a4 h5 12. Nc1 Nbd7 13. Be2 Qc7 14. O-O Nh7 15. Bh6 Bh8 16. Kh1 Rb8 17. h3 Qd8 18. Bf4 Ne5 19. Bh2 f5 20. Nd3 fxe4 21. Nxe4 Bf5 22. Nf4 Nf8 23. Rad1 Bg7 24. Ne6 Nxe6 25. dxe6 Bxe6 26. Qc2 Bf5 27. Qb3+ c4 28. Bxc4+ Nxc4 29. Qxc4+ d5 30. Rxd5 Be6 31. Rxd8 Bxc4 32. Rxb8 Rxb8 33. Rc1 Rc8 34. Nd6 Rc5 35. b4 1-0

[Event "5th IECC"]
[Site "Antalya"]
[Date "2004.05.23"]
[Round "8"]
[White "Akesson, Ralf"]
[Black "Jobava, Baadur"]
[Result "0-1"]
[WhiteElo "2476"]
[BlackElo "2616"]
[PlyCount "54"]
[EventDate "2004.05.15"]
[Source "Roberto Alvarez"]
[SourceDate "2004.05.31"]

1. d4 Nf6 2. c4 e6 3. Nc3 c5 4. d5 exd5 5. cxd5 g6 6. e4 d6 7. Bd3 Bg7 8. h3 O-O 9. Bg5 Bd7 10. a4 Na6 11. Nf3 Nb4 12. Be2 h6 13. Bf4 Qe7 14. Nd2 Rfe8 15. O-O Nfxd5 16. exd5 Bxc3 17. bxc3 Nxd5 18. Be3 Nxc3 19. Qe1 d5 20. Bf3 d4 21. Nb3 Qf6 22. Qd2 dxe3 23. Qxd7 Rad8 24. Qg4 e2 25. Rfe1 Rd1 26. Kh2 Rxa1 27. Nxa1 Qd6+ 0-1

[Event "Tournament"]
[Site "Tashkent (Uzbekistan)"]
[Date "1983.??.??"]
[Round "?"]
[White "Agzamov, Georgy T"]
[Black "Dolmatov, Sergey V"]
[Result "1/2-1/2"]
[WhiteElo "2535"]
[BlackElo "2550"]
[PlyCount "82"]
[EventDate "1983.??.??"]
[Source "www.chesslib.no"]
[SourceDate "2004.05.04"]

1. d4 Nf6 2. c4 e6 3. Nc3 c5 4. d5 exd5 5. cxd5 d6 6. e4 g6 7. Bd3 Bg7 8. Nge2 O-O 9. O-O b6 10. f3 Ba6 11. Bg5 Bxd3 12. Qxd3 a6 13. a3 Nbd7 14. b4 h6 15. Bh4 Ne5 16. Qc2 Qc7 17. b5 c4 18. Nd4 Nh5 19. Qd2 Nd3 20. Nc6 g5 21. Bf2 Nxf2 22. Rxf2 Nf4 23. bxa6 Rxa6 24. Nb5 Qd7 25. Rb1 Nd3 26. Rff1 Rc8 27. Kh1 Rxc6 28. dxc6 Qxc6 29. Qe3 Ra5 30. Nd4 Qc5 31. Nc2 b5 32. Qd2 Ra8 33. g3 f5 34. Qe3 Rb8 35. Kg2 f4 36. Qd2 Be5 37. g4 Nb2 38. Nb4 c3 39. Qe2 Qc4 40. Qc2 Ra8 41. Ra1 Kg7 1/2-1/2

[Event "2nd IECC, Ohrid MKD"]
[Site "?"]
[Date "2001.??.??"]
[Round "9"]
[White "Kruppa, Y."]
[Black "Chatalbashev, B."]
[Result "1-0"]
[WhiteElo "2570"]
[BlackElo "2515"]
[PlyCount "124"]
[EventDate "2001.??.??"]
[Source "www.chesslib.no"]
[SourceDate "2004.05.04"]

1. d4 g6 2. c4 Bg7 3. e4 c5 4. d5 d6 5. Nc3 e6 6. Bd3 Nf6 7. Nge2 O-O 8. O-O exd5 9. cxd5 Re8 10. h3 a6 11. a4 Nbd7 12. Ng3 Rb8 13. f4 Qc7 14. Qf3 c4 15. Bc2 b5 16. axb5 axb5 17. Be3 b4 18. Ra7 Qd8 19. Nce2 Bb7 20. Bf2 Nc5 21. Bxc5 dxc5 22. Rd1 Qb6 23. Rxb7 Qxb7 24. e5 Nd7 25. Ne4 Qa7 26. Nd6 c3 27. bxc3 b3 28. Bb1 Re7 29. c4 b2 30. Nc3 Rb3 31. Nc8 Qa5 32. Nxe7+ Kf8 33. Qg4 Bxe5 34. fxe5 Rxc3 35. Nc6 Qa4 36. Rf1 Rc1 37. Qf4 Rxf1+ 38. Qxf1 Kg7 39. Kh2 Qb3 40. e6 fxe6 41. dxe6 Nf6 42. e7 Qe3 43. Qf3 Qe1 44. Qd3 Kf7 45. Bc2 Kg7 46. Qg3 Qe6 47. Qb8 Kh6 48. Ba4 Qe1 49. Qf4+ Kg7 50. Bc2 Qe6 51. Qc7 Ne8 52. Qe5+ Qf6 53. Kg3 Nd6 54. Qxc5 Kf7 55. Qd5+ Ke8 56. c5 Nf5+ 57. Kh2 Nxe7 58. Qd8+ Kf7 59. Qxe7+ Qxe7 60. Nxe7 Kxe7 61. Kg3 Ke6 62. Kf4 Kd5 1-0

[Event "Camp. olandese"]
[Site "Hilversum OLA"]
[Date "2008.04.04"]
[Round "3"]
[White "Reinderman, D."]
[Black "Nijboer, F."]
[Result "1/2-1/2"]
[WhiteElo "2526"]
[BlackElo "2558"]
[PlyCount "92"]
[EventDate "2008.04.02"]
[Source "www.chesslib.no"]
[SourceDate "2004.05.04"]

1. c4 Nf6 2. Nc3 g6 3. e4 d6 4. d4 Bg7 5. Bd3 O-O 6. Nge2 c5 7. d5 e6 8. O-O exd5 9. cxd5 Re8 10. h3 a6 11. a4 Nbd7 12. Bg5 Rb8 13. f4 c4 14. Bxc4 Qb6+ 15. Kh1 Nxe4 16. Nxe4 Rxe4 17. Bd3 Re8 18. Rb1 Nc5 19. Bc2 Ne4 20. Bxe4 Rxe4 21. Ng3 Re3 22. Rf3 Rxf3 23. Qxf3 f6 24. Bh4 Bd7 25. Ne4 Rf8 26. b3 h6 27. Re1 f5 28. Nd2 Qc7 29. Re7 Rf7 30. Qe2 Rxe7 31. Qxe7 Bf8 32. Qe3 Qc8 33. Nc4 b5 34. axb5 axb5 35. Nb6 Qe8 36. Qd3 Qf7 37. Nxd7 Qxd7 38. Bf6 Qe8 39. Bc3 Bg7 40. Bxg7 Kxg7 41. Qd4+ Kf7 42. Qa7+ Qe7 43. Qb8 g5 44. fxg5 Qe1+ 45. Kh2 Qe5+ 46. Kh1 Qa1+ 1/2-1/2

[Event "Korinthos op 6th"]
[Site "Korinthos"]
[Date "2002.07.28"]
[Round "6"]
[White "Svetushkin, Dmitry"]
[Black "Papaioannou, Ioannis"]
[Result "1/2-1/2"]
[WhiteElo "2491"]
[BlackElo "2589"]
[PlyCount "91"]
[EventDate "2002.07.23"]
[Source "ChessBase"]
[SourceDate "2002.09.11"]

1. d4 Nf6 2. c4 e6 3. Nc3 c5 4. d5 exd5 5. cxd5 d6 6. e4 g6 7. Nge2 Bg7 8. f3 a6 9. a4 Nbd7 10. Ng3 h5 11. Be2 h4 12. Nf1 Rb8 13. Be3 Nh5 14. g4 hxg3 15. hxg3 Nhf6 16. Rxh8+ Bxh8 17. Kf2 Bg7 18. g4 Kf8 19. Ng3 Kg8 20. Qd2 Qf8 21. Kg2 Ne8 22. Rf1 Nc7 23. f4 b5 24. axb5 Nxb5 25. Nxb5 axb5 26. g5 Qe8 27. b4 cxb4 28. Bd4 Qf8 29. Qxb4 Nc5 30. Bxc5 dxc5 31. Qd2 c4 32. e5 Bb7 33. Qd4 c3 34. Ne4 Qd8 35. d6 c2 36. Bf3 Rc8 37. Qe3 b4 38. e6 Bxe4 39. exf7+ Kf8 40. Bxe4 Qxd6 41. Bf3 Qe7 42. Qb6 Kxf7 43. Re1 Qd7 44. Qxb4 Qe7 45. Bd5+ Kf8 46. Qb6 1/2-1/2

[Event "Ch team"]
[Site "Soviet Union"]
[Date "1980.??.??"]
[Round "?"]
[White "Jussupow, Artur M"]
[Black "Kasparov, Gary"]
[Result "1/2-1/2"]
[WhiteElo "2485"]
[BlackElo "2595"]
[PlyCount "55"]
[EventDate "1980.??.??"]
[Source "www.chesslib.no"]
[SourceDate "2004.05.04"]

1. d4 Nf6 2. c4 c5 3. d5 e6 4. Nc3 exd5 5. cxd5 d6 6. e4 g6 7. Bd3 Bg7 8. Nge2 O-O 9. Bg5 a6 10. a4 Nbd7 11. Ng3 h6 12. Bf4 Re8 13. O-O Ne5 14. Be2 Bd7 15. h3 g5 16. Bxe5 Rxe5 17. Qd2 b5 18. axb5 axb5 19. Rxa8 Qxa8 20. Bxb5 Bxb5 21. Nxb5 Nxe4 22. Nxe4 Rxe4 23. Nxd6 Rd4 24. Qc2 Qxd5 25. Nf5 Rd2 26. Qc1 Re2 27. Nxg7 Kxg7 28. Qc3+ 1/2-1/2

[Event "Sochi"]
[Site "Sochi RUS"]
[Date "1988.??.??"]
[Round "?"]
[White "Dokhoian, Yury R"]
[Black "Damljanovic, Branko"]
[Result "1-0"]
[WhiteElo "2515"]
[BlackElo "2565"]
[PlyCount "81"]
[EventDate "1988.09.??"]
[Source "www.chesslib.no"]
[SourceDate "2004.05.04"]

1. d4 Nf6 2. c4 g6 3. Nc3 Bg7 4. e4 d6 5. Be2 O-O 6. Bg5 c5 7. d5 e6 8. Qd2 exd5 9. cxd5 Re8 10. f3 Nbd7 11. Nh3 h6 12. Be3 Nh7 13. Nf2 h5 14. O-O a6 15. a4 Ne5 16. a5 f5 17. Na4 fxe4 18. fxe4 Bg4 19. Nb6 Rb8 20. b4 Bxe2 21. Qxe2 cxb4 22. Rab1 Qh4 23. Rxb4 Rf8 24. g3 Qe7 25. Nd3 Rxf1+ 26. Kxf1 Nxd3 27. Qxd3 Rf8+ 28. Kg2 Qf7 29. Qe2 g5 30. Nc4 Qg6 31. Qd3 h4 32. Rxb7 hxg3 33. hxg3 Qh5 34. Rxg7+ Kxg7 35. Bd4+ Kg8 36. Nxd6 g4 37. Nf5 Ng5 38. Qxa6 Qh3+ 39. Kf2 Nxe4+ 40. Ke3 Qh5 41. Nh6+ 1-0

[Event "New York Open"]
[Site "New York, NY USA"]
[Date "1984.??.??"]
[Round "3"]
[White "Browne, Walter S"]
[Black "Zuckerman, Bernard"]
[Result "0-1"]
[WhiteElo "2585"]
[BlackElo "2490"]
[PlyCount "94"]
[EventDate "1984.04.??"]
[Source "www.chesslib.no"]
[SourceDate "2004.05.04"]

1. d4 Nf6 2. c4 g6 3. Nc3 Bg7 4. e4 d6 5. Be2 O-O 6. Bg5 c5 7. d5 h6 8. Be3 e6 9. Qd2 exd5 10. cxd5 Re8 11. f3 Kh7 12. g4 a6 13. h4 h5 14. Bg5 hxg4 15. h5 Kg8 16. hxg6 fxg6 17. O-O-O Qe7 18. Bd3 Nbd7 19. f4 c4 20. Bc2 Nf8 21. Nge2 b5 22. Ng3 b4 23. Nce2 b3 24. axb3 cxb3 25. Bd3 a5 26. Nd4 a4 27. Qb4 Ba6 28. Bxa6 Rxa6 29. Nc6 Qf7 30. Qxd6 Nxe4 31. Nxe4 Rxe4 32. Ne7+ Rxe7 33. Qxe7 Qf5 34. Qe2 a3 35. Qc4 a2 36. Kd2 Rd6 37. Qxb3 Rxd5+ 38. Ke2 Qe6+ 39. Qe3 Qxe3+ 40. Kxe3 Rxd1 41. Rxd1 Bxb2 42. f5 gxf5 43. Kf4 a1=Q 44. Rxa1 Bxa1 45. Bh4 Ng6+ 46. Kxf5 Nxh4+ 47. Kxg4 Ng6 0-1

[Event "Memorial V. Ciocaltea"]
[Site "Memorial V. Ciocaltea"]
[Date "1995.??.??"]
[Round "?"]
[White "Ionescu, Constantin"]
[Black "Marin, Mihail"]
[Result "1/2-1/2"]
[WhiteElo "2535"]
[BlackElo "2540"]
[PlyCount "38"]
[EventDate "1995.??.??"]
[Source "www.chesslib.no"]
[SourceDate "2004.05.04"]

1. d4 Nf6 2. c4 c5 3. d5 d6 4. Nc3 g6 5. e4 Bg7 6. f3 O-O 7. Bg5 e6 8. Qd2 h6 9. Be3 exd5 10. cxd5 Re8 11. Bb5 Nbd7 12. a4 a6 13. Be2 Nh7 14. Nh3 Ne5 15. Nf2 h5 16. O-O Ng5 17. a5 Kf8 18. Rfd1 Bf5 19. Nb5 Qe7 1/2-1/2

[Event "Vilnius URS ch"]
[Site "?"]
[Date "1980.??.??"]
[Round "5"]
[White "Georgadze, T."]
[Black "Psakhis, L."]
[Result "0-1"]
[WhiteElo "2540"]
[BlackElo "2535"]
[PlyCount "70"]
[EventDate "1980.??.??"]
[Source "www.chesslib.no"]
[SourceDate "2004.05.04"]

1. d4 Nf6 2. c4 c5 3. d5 e6 4. Nc3 exd5 5. cxd5 d6 6. e4 g6 7. f3 Bg7 8. Bg5 h6 9. Be3 a6 10. a4 Nbd7 11. Nge2 Qe7 12. Nc1 Ne5 13. Be2 g5 14. O-O O-O 15. Qd2 Bd7 16. Rb1 Nh5 17. g4 Nf4 18. Bxf4 gxf4 19. Qxf4 h5 20. Qg3 hxg4 21. f4 Ng6 22. f5 Bd4+ 23. Kh1 Bxc3 24. Qxg4 Bg7 25. Rg1 Rae8 26. Bd3 Qe5 27. Qg5 Bxa4 28. Rg4 c4 29. Bxc4 Bc2 30. Nd3 Qe7 31. Qxe7 Rxe7 32. Re1 Bxd3 33. Bxd3 Ne5 34. f6 Nxg4 35. fxg7 Rfe8 0-1

[Event "It (Open) Abudhabi UAE"]
[Site "?"]
[Date "2005.??.??"]
[Round "7"]
[White "Al Sayed Mohamad Naser"]
[Black "Kotsur Pavel"]
[Result "1/2-1/2"]
[WhiteElo "2478"]
[BlackElo "2595"]
[PlyCount "103"]
[EventDate "2005.??.??"]
[Source "www.chesslib.no"]
[SourceDate "2004.05.04"]

1. d4 Nf6 2. c4 c5 3. d5 e6 4. Nc3 exd5 5. cxd5 d6 6. e4 g6 7. Bd3 Bg7 8. Nge2 O-O 9. O-O b6 10. Bg5 h6 11. Bh4 Ba6 12. Bxa6 Nxa6 13. f4 Qd7 14. e5 dxe5 15. Bxf6 Bxf6 16. f5 gxf5 17. Ng3 f4 18. Qh5 Bg5 19. h4 f5 20. hxg5 fxg3 21. gxh6 Kh7 22. Rf3 Qf7 23. Qh3 f4 24. Re1 Rae8 25. Ne4 Qg6 26. Ra3 Nc7 27. Rxa7 Rf7 28. Qh4 Kh8 29. d6 Ne6 30. Rxf7 Qxf7 31. Qf6+ Qxf6 32. Nxf6 Rf8 33. Nd7 Ra8 34. Nxe5 Rxa2 35. Nd3 c4 36. Nxf4 Nc5 37. Kf1 Rxb2 38. Ne6 Rf2+ 39. Kg1 Nxe6 40. Rxe6 Rd2 41. Kf1 c3 42. Re8+ Kh7 43. Rc8 c2 44. d7 Rxd7 45. Rxc2 Rf7+ 46. Ke1 Rf6 47. Rc3 Rg6 48. Ke2 Kxh6 49. Rb3 Kg7 50. Kf3 Kf7 51. Kf4 Ke7 52. Kf5 1/2-1/2

[Event "Korinthos op 3rd"]
[Site "Korinthos"]
[Date "1999.07.11"]
[Round "8"]
[White "Novikov, Igor A"]
[Black "Solak, Dragan"]
[Result "1-0"]
[WhiteElo "2614"]
[BlackElo "2457"]
[PlyCount "77"]
[EventDate "1999.07.27"]
[Source "www.chesslib.no"]
[SourceDate "2004.05.04"]

1. d4 Nf6 2. c4 g6 3. Nc3 Bg7 4. e4 d6 5. f3 O-O 6. Bg5 c5 7. d5 e6 8. Qd2 exd5 9. cxd5 Re8 10. Nge2 Nbd7 11. Ng3 a6 12. a4 Qa5 13. Be2 b5 14. O-O b4 15. Nd1 Qc7 16. a5 Nf8 17. Bh6 Qe7 18. Bxg7 Kxg7 19. Ne3 h5 20. Rfe1 h4 21. Ngf1 Nh5 22. Nc4 Qf6 23. Nfe3 Ra7 24. Bf1 Kg8 25. Ng4 Qd8 26. e5 dxe5 27. Ngxe5 Bd7 28. Nb6 f6 29. Nbxd7 fxe5 30. Nxe5 Qd6 31. Nc4 Rxe1 32. Rxe1 Qf6 33. d6 Nf4 34. Re7 Rd7 35. Ne5 Rxe7 36. dxe7 Qxe5 37. Qd8 N4e6 38. e8=Q Qe3+ 39. Kh1 1-0

[Event "BL2-West 0001"]
[Site "Germany"]
[Date "2001.02.18"]
[Round "6.1"]
[White "Hort, Vlastimil"]
[Black "Nataf, Igor Alexandre"]
[Result "1/2-1/2"]
[WhiteElo "2539"]
[BlackElo "2526"]
[PlyCount "42"]
[EventDate "2000.10.15"]
[Source "ChessBase"]
[SourceDate "2001.07.03"]

1. d4 Nf6 2. c4 g6 3. Nc3 Bg7 4. e4 d6 5. Be2 O-O 6. Bg5 c5 7. d5 h6 8. Be3 e6 9. Qd2 exd5 10. cxd5 Qc7 11. h3 Re8 12. Bd3 Na6 13. Nge2 Nd7 14. f4 Nb4 15. O-O Nxd3 16. Qxd3 f5 17. Bd2 Nf6 18. Rfe1 Nd7 19. b3 Re7 20. Rac1 Qd8 21. Ng3 Rb8 1/2-1/2

[Event "Anibal Open, Linares ESP"]
[Site "?"]
[Date "2001.??.??"]
[Round "10"]
[White "Ibragimov, I."]
[Black "Zulfugarli, M."]
[Result "1-0"]
[WhiteElo "2570"]
[BlackElo "2495"]
[PlyCount "72"]
[EventDate "2001.??.??"]
[Source "www.chesslib.no"]
[SourceDate "2004.05.04"]

1. d4 Nf6 2. c4 g6 3. Nc3 Bg7 4. e4 d6 5. f3 O-O 6. Nge2 c5 7. d5 e6 8. Bg5 h6 9. Be3 exd5 10. cxd5 Nbd7 11. Ng3 Ne5 12. Be2 h5 13. O-O Nh7 14. Qd2 h4 15. Nh1 g5 16. f4 gxf4 17. Bxf4 Qf6 18. Nf2 Qg6 19. Kh1 Bd7 20. Qd1 Bf6 21. Nd3 Rae8 22. Bh5 Qg7 23. Nxe5 Bxe5 24. Qd2 Bxf4 25. Qxf4 Re5 26. Qxh4 Rg5 27. Rf2 f6 28. Be2 Qe7 29. Raf1 Kg7 30. Rf4 Rh8 31. Rxf6 Qxf6 32. Rxf6 Kxf6 33. Qh6+ Ke5 34. g3 a6 35. Kg2 Rgg8 36. Qf4+ Kd4 1-0